01129nam a22002057a 450000500170000000800410001702000180005804000090007604100080008508200210009310000160011424500100013025000200014026000320016030000260019236500690021852006030028765000150089070000180090520211008160655.0211008b ||||| |||| 00| 0 eng d a9781785786716 cAloy aEng 223a796.33bCAIM aLuca Caioli aMessi a1st Updated Ed. aUKbIcon Books Limtedc2020 ax,369p.bPBc20x13cm. 2GeneralaBLCR-000064b₹319.20c₹d₹399.00e20%f04-10-2021 aFROM THE BESTSELLING AUTHOR OF RONALDO AND NEYMAR. Prolific, cool-headed and unerringly consistent, Lionel Messi is one of the most revered footballers in history. But did you know that his transfer to Barcelona was first agreed on a paper napkin? Or that an x-ray of his hand was to thank for identifying his growth hormone deficiency? And do you know why he refused to collect his first ever Champions League winner’s medal? Find out all this and more in Luca Caioli’s classic portrait of a footballing icon, featuring exclusive interviews with those who know him best and even Messi himself. a Biography aCAIOLI (Luca)